| 000 | 01120cam a2200265 i 4500 | ||
|---|---|---|---|
| 003 | SA-RiAUC | ||
| 005 | 20241215072921.0 | ||
| 008 | 241214s1991 mm g 000 0bara c | ||
| 040 |
_aSA-MuMU _bara _cSA-RiAUC _erda |
||
| 082 | 0 | 4 | _a922.582 |
| 090 |
_a922.582 _bص ل ا |
||
| 100 | 1 |
_aصلاح، عبد الله إبراهيم _eمؤلف. |
|
| 245 | 1 | 0 |
_aالامام شهاب الدين القرافي وأثره في الفقه الإسلامي / _cتأليف عبد الله إبراهيم صلاح. |
| 264 | 1 |
_aفاليتا : _bمركز دراسات العالم الإسلامي، _c1991 |
|
| 300 | _a548 صفحة. | ||
| 336 |
_aنص _btxt _2rdacontent _3كتاب |
||
| 337 |
_aبدون وسيط _bn _2rdamedia |
||
| 338 |
_aمجلد _bnc _2rdacarrier |
||
| 490 | 0 |
_aسلسلة التراث والتجديد ؛ _v1 |
|
| 600 | 1 | 7 |
_aالقرافي، أحمد بن إدريس بن عبد الرحمن، _d626-684 هجري _2aucnm |
| 650 | 7 |
_aالفقهاء المالكية _vتراجم _2aucsh |
|
| 650 | 7 |
_aالفقه المالكي _2aucsh |
|
| 942 |
_2ddc _cBOOK _n0 |
||
| 949 |
_aSA-JeALM _d241214 _umohamedma123 _n1 |
||
| 999 |
_c3515 _d3515 |
||